000 00494nam a2200193Ia 4500
005 20260429112101.0
008 260429s9999||||xx |||||||||||||| ||und||
020 _a9781032889993
041 _aEnglish
082 _a509.5409
_bKOC
100 _aKochhar, Rajesh
245 0 _aScience and the British empire /
_cRajesh Kochhar
250 _a1st ed.
260 _aLondon :
_bRoutledge,
_c2024.
300 _aix, 309 p.; hb
650 _a British empire
650 _aScience
942 _cTB
999 _c52264
_d52264